000 01165naa a22002657a 4500
001 BR8805743
003 BR-BrBNA
005 20240918180313.0
007 ta
008 230509b bl.||||| |||| 00| 0 por d
040 _aBR-BrBNA
_bpor
_cBiblioteca Nacional de Agricultura
041 _a(Pt)
072 _aU10
090 _aU10 BR8805743
100 1 _aAndrade, D.F. de
100 1 _aNolet, A. de Q.
111 1 _a1. Simposio de Estatistica Aplicada a Experimentacao Agronomica; 30. Reuniao Anual da Regiao Brasileira da Sociedade Internacional de Biometria
_cPiracicaba, SP (Brazil)
_d22-26 Jul 1985
245 1 _aExemplos de fatoriais fracionados (1/2)4 elevado ao cubo e (1/4)4 elevado a quatro para o ajuste de modelos polinomiais quadraticos
260 3 _aCampinas, SP (Brasil):
_c1985.
500 _aSimposio de Estatistica Aplicada a Experimentacao Agronomica Campinas, SP (Brasil): 1985. p. 19-24 (BR8805743-AM)U10
650 _aESTATISTICA AGRICOLA
773 0 _tSimposio de Estatistica Aplicada a Experimentacao Agronomica
_wU10 BR8805743
_gCampinas, SP (Brasil), 1985. p. 19-24
909 _a202404
_bLucia
_c55
_dLucia Elande
942 _cAM
_2AGRIS
999 _c319693
_d319693